000 00625nam a22002057a 4500
003 OSt
005 20251105011729.0
008 251105b |||||||| |||| 00| 0 eng d
020 _a0-02-653348-0.
040 _aDWCL-Main lib
_cOC
082 _aCirc. 629.283 R429 1997
100 _aKenel, Francis C Et Al.
245 _aResponsible Driving
_cKenel, Francis
260 _aN.Y. :
_bGlencoe/McGraw-Hill,
_cc1997.
300 _axvi, 366 pages :
_bcolored illustration ;
_c26 cm.
504 _aIncludes index.
650 _21. Automobile driver education.
650 _22. Automobile drivers.
942 _2ddc
_cBK-CIRC
_kCirc.
_n0
999 _c5453
_d5453